000 00332nam a2200109 4500
999 _c9495
_d9495
008 180705b ||||| |||| 00| 0 eng d
245 _aEco waste says wipes harmful to babies being sold in markets.
260 _aPhilippines
_bManila Bulletin
_cc2017
300 _apage B-3.
650 0 _928212
_aPoison and poisoning.
942 _2ddc
_cPER